000 00208 a2200097 4500
001 30156
100 _a
245 _aModern World Fiction
260 _aEngland
_bColumbia University
_c
090 _c20099
_d20099
942 _aNUST-CAE
_c
_c11224
999 _c265229
_d265229